Statistiques concernant TOP 20 des joueurs avec le plus de cartons rouges

Cliquez ici pour prendre le quiz!

Statistiques générales

  • Ce quiz a été pris 75 fois
  • Le résultat moyen est 19 sur 20

Statistiques - réponses

JoueursNombre de cartons rouges% Correct
Marco Materazzi15
98%
Yannick Cahuzac15
98%
Cyril Jeunechamp16
98%
Paolo Montero21
98%
Rafael Marquez21
98%
Paolo Montero21
98%
Pepe18
97%
Gary Medel18
97%
Xavi Aguado18
97%
Fernando Amorebieta19
97%
Patrick Vieira17
95%
Alexis Ruano Delgado22
95%
Alexis Ruano22
95%
Sergio Ramos28
95%
Vinnie Jones12
94%
Matteo Contini20
94%
Felipe Melo20
94%
Cyril Rool27
92%
Pablo Alfaro27
92%
Gerardo Alberto Bedoya Múnera46
78%

Distribution des résultats

Percentile par nombre de réponses

% des personnes avec chaque résultat

Votre développement - résultats

Vous n’avez pas pris ce quiz